000 00429nam a2200181Ia 4500
005 20240820103203.0
008 131103s9999 xx 000 0 und d
040 _aLoreto College
041 _aEnglish
082 _a824
_bBRO
245 2 _aA book of modern prose
260 _aLondon
_bGeorge G. Harrap
_c1969
300 _a288p.
504 _aIncludes index
650 _aEnglish essays
850 _aLCBED
942 _cBK
999 _c29903
_d80382